| 000 | 00641nam a2200169 i 4500 | ||
|---|---|---|---|
| 001 | 31092 | ||
| 003 | ES-MaACL | ||
| 005 | 20230906154316.0 | ||
| 007 | t| | ||
| 008 | 030128s1856 fr ||||1| fre d | ||
| 100 | 1 |
_aSomaize, Antoine Baudeau. _9107258 |
|
| 245 | 1 | 3 |
_aLe dictionnaire des précieuses / _cpar le sieur de Somaize ; nouvelle édition, augmentée de divers opuscules du même auteur relatifs aux précieuses et d'une Clef historique et anecdotique par Ch.-L. Livet. |
| 260 |
_aParís : _bP. Jannet, _c1856. |
||
| 300 |
_a2 v. ; _c17 cm. |
||
| 700 | 1 |
_aLivet, Charles Louis ( _d1828-1897) _9151838 |
|
| 852 |
_aES-MaACL _jG-2356-57 |
||
| 999 |
_c31092 _d31092 |
||